Proyecto Arcoiris. Enseñanza Básica, 2
Furkejuvvon:
| Váldodahkki: | |
|---|---|
| Materiálatiipa: | Girji |
| Giella: | espánnjágiella |
| Almmustuhtton: |
Santiago
Santilllana
2000
|
| Ráidu: | Multitexto
|
| Fáttát: | |
| Fáddágilkorat: |
Lasit fáddágilkoriid
Eai fáddágilkorat, Lasit vuosttaš fáddágilkora!
|
MARC
| LEADER | 00000nam a2200000 a 4500 | ||
|---|---|---|---|
| 001 | UCH4049 | ||
| 003 | CL-VaPUC | ||
| 008 | 090818e20000000CL |||||||||||||||||spa|d | ||
| 020 | |a 9561505754 | ||
| 082 | 0 | 4 | |a 372.19 |b ROJ |2 21 |
| 100 | 0 | |a Rojas Leiva, Manuel José |e author |9 539494 | |
| 245 | 1 | 0 | |a Proyecto Arcoiris. Enseñanza Básica, 2 |
| 300 | |a 368 p | ||
| 942 | |c BK | ||
| 945 | |d 20090818 00:00:00 |a ccalabra | ||
| 260 | |a Santiago |b Santilllana |c 2000 | ||
| 500 | |a Material didáctico Proyecto Arcoíris para Segundo Año de Educación Básica | ||
| 650 | 0 | |a Educación básica |9 224933 | |
| 650 | 0 | |a Planificación del currículo |9 269599 | |
| 583 | |a last modification |c 20160928 10:44:57 |k Rodrigo Vera | ||
| 490 | 0 | |a Multitexto | |
| 999 | |c 335403 |d 335401 | ||